| 000 | 01514 a2200289 4500 | ||
|---|---|---|---|
| 003 | Nust | ||
| 005 | 20230221185150.0 | ||
| 010 | _a 2003062448 | ||
| 020 | _a0-13-061890-X (alk. paper) | ||
| 035 | _a13341660 | ||
| 040 | _cNust | ||
| 082 | 0 | 0 | _a629.89,STE |
| 100 | 1 |
_aStenerson, Jon _9109407 |
|
| 245 | 1 | 0 |
_aFundamentals of programmable logic controllers, sensors, and communications / _cJon Stenerson |
| 250 | _a3rd ed. | ||
| 260 |
_aUpper Saddle River, N.J. : _bPearson Prentice Hall, _ccop. 2004. |
||
| 300 |
_axvii, 654 p. : _bill. ; _c24 cm. + _e1 CD-ROM (4 3/4 in.) |
||
| 505 | _aSafety and Lockout/Tag out (Page-1), Overview of Programmable Logic Controllers (Page-17), Overview of Number Systems (Page-39), IEC 61123-3 Programming (Page-285), Supervisory Control and Data Acquisition (Page-313), Overview of plant Floor Communication (Page-349), Communication, Controllogix, and Device net (Page-383), PC- Based Control (Page-425), Fundamentals of Process Control (Page-447), Instrumentation (Page-483), Batch and Continuous Processes (Page-519), Embedded Controllers (Page-539), Introduction to Robotics (Page-559), Industrial Automation Controllers (Page-591), Installation and Troubleshooting (Page-609). | ||
| 650 | 7 | _aComputer programming | |
| 650 | 7 | _aProgrammable controllers. | |
| 650 | 7 |
_aProgramming _996244 |
|
| 650 | 7 |
_aStyrteknik _999479 |
|
| 650 | 7 | _aTelecommunication | |
| 650 | 7 |
_aTelecommunication systems. _921843 |
|
| 650 | 7 |
_aTelekommunikation _997798 |
|
| 942 |
_cREF _2ddc |
||
| 999 |
_c193634 _d193634 |
||